000 00691nam a2200289Ia 4500
005 20260324133723.0
008 008 260324s9999 xx 000 0 eng d
020 _a9781003116745
037 _aEBOOK
040 _aCRL
040 _beng
040 _cCRL
041 _2eng
041 _aeng
084 _qCRL
100 _aVerity Burgmann
_91194137
245 0 _aPower, Profit and Protest
245 0 _bAustralian social movements and globalisation
260 _bTaylor and Francis
260 _c2003
365 _a
365 _b230
856 _uhttp://www.taylorfrancis.com/books/9781003116745
942 _cEBOOK
999 _c1793485
_d1793485